000 01307cam a2200385 i 4500
001 17984229
005 20250416151456.0
008 131223s2014 sz a b 001 0 eng d
010 _a 2013958136
016 7 _a016636190
_2Uk
020 _a9783319043067
020 _a3319043064
035 _a(OCoLC)ocn879378092
041 _aeng
042 _alccopycat
082 0 4 _a658.514 MOR
100 1 _aMorabito, Vincenzo,
245 1 0 _aTrends and Challenges in Digital Business Innovation
260 _aLondon
_bSpringer
_c2014
264 1 _aCham :
_bSpringer,
_c[2014].
300 _axxi, 215 pages :
_billustrations ;24 cm
336 _atext
_btxt
_2rdacontent
337 _aunmediated
_bn
_2rdamedia
338 _avolume
_bnc
_2rdacarrier
504 _aIncludes bibliographical references and index.
650 0 _aTechnological innovations
650 0 _aInformation technology;
856 4 2 _uhttp://www.loc.gov/catdir/enhancements/fy1410/2013958136-b.html
856 4 2 _uhttp://www.loc.gov/catdir/enhancements/fy1410/2013958136-d.html
856 4 1 _uhttp://www.loc.gov/catdir/enhancements/fy1410/2013958136-t.html
906 _a7
_bcbc
_ccopycat
_d2
_encip
_f20
_gy-gencatlg
942 _cBK
999 _c43544
_d43544